Basic Circuit Analysis (Record no. 291566)

MARC details
000 -LEADER
fixed length control field 00491nam a2200181Ia 4500
008 - FIXED-LENGTH DATA ELEMENTS--GENERAL INFORMATION
fixed length control field 230718s9999 xx 000 0 und d
020 ## - INTERNATIONAL STANDARD BOOK NUMBER
International Standard Book Number 81-7224-170-4
041 ## - LANGUAGE CODE
Language code of text/sound track or separate title eng
082 ## - DEWEY DECIMAL CLASSIFICATION NUMBER
Classification number 621.38
Item number STU
100 ## - MAIN ENTRY--PERSONAL NAME
Personal name Stuller J.A.
9 (RLIN) 125819
245 ## - TITLE STATEMENT
Title Basic Circuit Analysis
260 ## - PUBLICATION, DISTRIBUTION, ETC. (IMPRINT)
Date of publication, distribution, etc. 1993
Name of publisher, distributor, etc. Jaico Publishing House
300 ## - PHYSICAL DESCRIPTION
Extent 881
Accompanying material [OBSOLETE, CAN/MARC] Ref 26 E ( 2666)
365 ## - TRADE PRICE
Currency code Rs.
Price amount 1200.00
500 ## - GENERAL NOTE
Keywords 26 E
700 ## - ADDED ENTRY--PERSONAL NAME
Personal name Stuller J.A. & Cunningham
9 (RLIN) 185186
906 ## - LOCAL DATA ELEMENT F, LDF (RLIN)
d B:68802-Nov-1993
c ETC
b 180
Holdings
Withdrawn status Lost status Source of classification or shelving scheme Reference No Damaged status Not for loan Home library Current library Date acquired Vendor Budget Code Cost, normal purchase price Bill number Full call number Barcode Date last seen Discount Cost, replacement price Bill Date Koha item type Original Barcode
    Dewey Decimal Classification Ref 26 E (2666)   Reference Cummins College of Engineering for Women Pune Cummins College of Engineering for Women Pune 25/11/1993 Pradeep Book Distributors ETC 1020.00 688 621.38 CCEP-BK-2666 18/07/2023 180 1200.00 02/11/1993 Books 002666